Gmmtv series quiz - Statistics

General Stats
  • This quiz has been taken 16 times
    10 since last reset
  • The average score is 43 of 180
Answer Stats
Hint Answer % Correct
Our Skyy
100%
SOTUS
100%
2gether
80%
Bad Buddy
80%
Fish Upon the Sky
80%
Me and Thee
80%
My Magic Prophecy
80%
My School President
80%
Never Let Me Go
80%
Not Me
80%
Only Friends
80%
Only Friends: Dream On
80%
Our Skyy 2
80%
SOTUS S
80%
Vice Versa
80%
We Are
80%
A Boss and a Babe
60%
Burnout Syndrome
60%
2026 Cat for Cash
60%
Cherry Magic
60%
Cooking Crush
60%
Dangerous Romance
60%
Dark Blue Kiss
60%
Head 2 Head
60%
Hidden Agenda
60%
2016 Kiss
60%
Kiss Me Again
60%
Last Twilight
60%
MuTeLuv
60%
My Golden Blood
60%
My Love Mix-Up!
60%
Only Boo!
60%
Perfect 10 Liners
60%
Revamp The Undead Story
60%
That Summer
60%
The Heart Killers
60%
Theory of Love
60%
The Trainee
60%
Wu
60%
23.5
40%
A Tale of Thousand Stars
40%
Dare You to Death
40%
Enchanté
40%
Friendshit Forever
40%
Girl Rules
40%
High School Frenemy
40%
Home School
40%
Kidnap
40%
Love You Teacher
40%
Memoir of Rati
40%
My Romance Scammer
40%
Pluto
40%
Still 2gether
40%
ThamePo Heart That Skips a Beat
40%
The Eclipse
40%
The Ex-Morning
40%
Us
40%
Water Boyy
40%
When Oranges Fall
40%
10 Years Ticket
20%
3 Will Be Free
20%
55:15 Never Too Late
20%
A Love So Beautiful
20%
2020 Angel Beside Me
20%
Blacklist
20%
Boy For Rent
20%
Boys in Love
20%
Break Up Service
20%
Cupid's Last Wish
20%
Endless Love
20%
Enemies with Benefits
20%
Enigma
20%
Enigma Black Stage
20%
Friend Zone
20%
He's Coming to Me
20%
Hide & Sis
20%
I Love 'A Lot Of' You
20%
Leap Day
20%
Melody of Secrets
20%
Midnight Museum
20%
Mint To Be
20%
My Dear Loser
20%
My Precious
20%
2025 Ossan's Love Thailand
20%
Ploy's Yearbook
20%
Secret Seven
20%
Senior Secret Love
20%
Slam Dance
20%
Summer Night
20%
Sweet Tooth, Good Dentist
20%
The Dark Dice
20%
The Gifted
20%
The Gifted: Graduation
20%
The Jungle
20%
The Sand Princess
20%
Turn Left Turn Right
20%
Ugly Duckling
20%
U-Prince
20%
Wandee Goodday
20%
Whale Store xoxo
20%
2019 Wolf
20%
46 Days
0%
A Gift For Whom You Hate
0%
Astrophile
0%
Baker Boys
0%
2024 Beauty Newbie
0%
Be My Favorite
0%
Cause You're My Boy
0%
2010 Chocolate Sweethearts
0%
Devil Sister
0%
An Eye for an Eye
0%
The Shipper
0%
Dolphins Dream Fight
0%
Double Savage
0%
Drag, I Love You
0%
F4 Thailand: Boys Over Flowers
0%
Fabulous 30
0%
Faceless Love
0%
Find Yourself
0%
Forward
0%
Friend Zone 2: Dangerous Area
0%
Girl2K
0%
2005 Girl Gang Malang Za
0%
Girl Next Room
0%
Good Old Days
0%
Happy Birthday
0%
I'm Tee, Me Too
0%
Irresistible
0%
Loneliness Society
0%
Love at First Hate
0%
2013 Love Balloon
0%
2008 Love Beyond Frontier
0%
2009 Love Beyond Frontier 2
0%
Love Bipolar
0%
Love Flight
0%
Lovey Dovey
0%
Lud Fah Ma Ha Ruk
0%
Magic of Zero
0%
Mama Gogo
0%
2023 Midnight Series: Dirty Laundry
0%
Midnight Series: Midnight Motel
0%
Midnight Series: Moonlight Chicken
0%
Mr. Lipstick
0%
My Dear Donovan
0%
My Gear and Your Gown
0%
2021 Nabi, My Stepdarling
0%
Oh My Boss
0%
One Night Steal
0%
Oops! Mr.Superstar Hit on Me
0%
Peaceful Property
0%
Phor Kae Kab Mae Chan
0%
P.S. I Hate You
0%
2003 Rak Harm Promote
0%
Rak Jing Ping Ker
0%
2011 Rongngan Samran Jai
0%
Room Alone 2
0%
2014 Room Alone 401-410
0%
1995 Sarm Num Sarm Mum
0%
Senior Secret Love: My Lil Boy 2
0%
2017 Senior Secret Love: Puppy Honey 2
0%
2012 Si Roon Si Woon
0%
Star & Sky: Sky in Your Heart
0%
Star & Sky: Star in My Mind
0%
Teenage Mom
0%
The Comments
0%
Theory of Love: Stand By Me
0%
The Player
0%
The Three GentleBros
0%
2022 The War of Flowers
0%
The Warp Effect
0%
Tonhon Chonlatee
0%
UMG (Unidentified Mystery Girlfriend)
0%
2018 Wake Up Ladies
0%
Wake Up Ladies: Very Complicated
0%
Wednesday Club
0%
Who Are You
0%
2015 Wifi Society
0%
Wonder Teacher
0%
YOUniverse
0%
No matching quizzes found
Score Distribution
Percent of People with Each Score
Percentile by Number Answered
Your Score History
You have not taken this quiz since the last reset